000 00378 a2200157 4500
001 46568
020 _a9788571604438
040 _cAnchieta - Aquarius
100 _aSilva, Consuelo Dores
240 1 0 _aO elefantinho da tromba caída
_lpor
245 1 0 _aO elefantinho da tromba caída
300 _a40
362 0 _a2008
650 4 _aLiteratura infanto-juvenil
942 _cBK
999 _c46568
_d46568